En el mundo de los negocios spanish for specific purposes
Na minha lista:
| Autor principal: | |
|---|---|
| Corporate Authors: | , |
| Outros Autores: | , |
| Formato: | Livro |
| Idioma: | inglês |
| Publicado em: |
Bratislava
Ekonomická univerzita v Bratislave
[2001]
|
| Assuntos: | |
| Tags: |
Sem tags, seja o primeiro a adicionar uma tag!
|
MARC
| LEADER | 00000nam$a2200000$$$4500 | ||
|---|---|---|---|
| 001 | 0035521 | ||
| 005 | 20240313132848.5 | ||
| 020 | |a 80-225-1418-7 | ||
| 041 | 0 | |a eng | |
| 044 | |a SK | ||
| 245 | 1 | 0 | |a En el mundo de los negocios |b spanish for specific purposes |c Jana Lenghardtová a kolektív ; [english translation: Kornélia Blašková, Milada Pauleová] |
| 264 | 1 | |a Bratislava |b Ekonomická univerzita v Bratislave |c [2001] | |
| 300 | |a 73 s. | ||
| 610 | 2 | 0 | |a obchod |
| 610 | 2 | 0 | |a podnikanie |
| 610 | 2 | 0 | |a komunikácia |
| 610 | 2 | 0 | |a sektory hospodárske |
| 610 | 2 | 0 | |a jazyky cudzie |
| 610 | 2 | 0 | |a terminológia |
| 610 | 2 | 0 | |a španielčina |
| 100 | 1 | |a Lenghardtová, Jana | |
| 700 | 1 | |a Blašková, Kornélia | |
| 700 | 1 | |a Pauleová, Milada | |
| 710 | 2 | |a Leonardo da Vinci | |
| 710 | 2 | |a Ekonomická univerzita v Bratislave | |